000
00324nam a2200133Ia 4500
008
210430s9999 xx 000 0 und d
020
_a
944-944
082
_a
662.2 R8881 G
100
_a
J M Bellerby
245
_a
Gun Propellants
_c
J M Bellerby
260
_a
HMSO
_b
J M Bellerby
_c
1997
300
_a
61P
942
_c
BK
_2
ddc
999
_c
562083
_d
562083